Obras (Registro nro. 78306)
[ vista simple ]
| 000 -ENCABEZADO | |
|---|---|
| Número de control [NR] | 00881nam a2200253Ia 4500 |
| 005 - FECHA Y HORA DE LA ÚLTIMA TRANSACCIÓN | |
| control field | 20240723084619.0 |
| 008 - DE LONGITUD FIJA DE DATOS DE ELEMENTOS - INFORMACIÓN GENERAL | |
| Elementos de longitud fija [NR] | 130821k19111958sp gr f spa d |
| 040 ## - FUENTE DE CATALOGACION [NR] | |
| Agencia de catalogación original [NR] | CO-BoUCM |
| Idioma de catalogación [NR] | spa |
| Quien Cataloga | Sandra Yazo (modificó) |
| Quien Clasifica | Sandra Yazo (modificó) |
| 041 00 - CODIGO DE IDIOMA [R] | |
| Código de idioma para texto/pista de sonido o título separado [R] | Español |
| 082 04 - NUMERO DE CLASIFICACION DECIMAL DEWEY [R] | |
| Número de clasificación [R] | 860.3 |
| Número de la edición [NR] | 20 |
| 100 1# - ASIENTO PRINCIPAL--NOMBRE PERSONAL [NR] | |
| Nombre personal [NR] | Garcilaso de La Vega |
| Fechas asociadas con el nombre [NR] | 1539-1616 |
| ID Autoridad | 49566 |
| 245 10 - MENCION DE TITULO [NR] | |
| Título [NR] | Obras |
| Mención de responsabilidad, etc. [NR] | Garcilaso ; edición y notas de T. Navarro Tomás |
| 260 ## - PUBLICACION, DISTRIBUCION, ETC. (PIE DE IMPRENTA) [R] | |
| Lugar de publicación, distribución, etc. [R] | Madrid (España) |
| Nombre del editor, distribuidor, etc. [R] | Espasa-Calpe |
| Fecha de publicación, distribución, etc. [R] | 1958 |
| 300 ## - DESCRIPCION FISICA [R] | |
| Extensión [R] | lxiv, 269 páginas |
| 490 0# - MENCION DE SERIE [R] | |
| Mención de serie [R] | Clásicos castellanos |
| 500 ## - NOTA GENERAL [R] | |
| Nota general [NR] | Donación UCM-C-ARRAYANES |
| 500 ## - NOTA GENERAL [R] | |
| Nota general [NR] | Incluye índice |
| 650 7# - ASIENTO SECUNDARIO DE MATERIA - TERMINO TEMATICO [R] | |
| Término temático o nombre geográfico como elemento de entrada [NR] | Ensayos españoles |
| 9 (RLIN) | 14560 |
| 650 7# - ASIENTO SECUNDARIO DE MATERIA - TERMINO TEMATICO [R] | |
| Término temático o nombre geográfico como elemento de entrada [NR] | Literatura española |
| 9 (RLIN) | 7793 |
| 650 7# - ASIENTO SECUNDARIO DE MATERIA - TERMINO TEMATICO [R] | |
| Término temático o nombre geográfico como elemento de entrada [NR] | Literatura europea |
| 9 (RLIN) | 26524 |
| 690 #0 - ASUNTO AGREGADO LOCAL DE ENTRADA - TÉRMINO TEMÁTICO (OCLC, RLIN) | |
| Acceso temático local | Literatura europea |
| 9 (RLIN) | 26524 |
| 700 1# - ASIENTO SECUNDARIO - NOMBRE PERSONAL [R] | |
| Nombre personal [NR] | Navarro Tomás, T. |
| 9 (RLIN) | 49567 |
| Término de relación [R] | editor |
| 942 ## - ELEMENTOS DE ENTRADA AGREGADOS (KOHA) | |
| Tipo de ítem principal el descrito en 300a | Libro |
| Tema principal | 18 |
| Edición | 1 |
| Parte restante de la signatura top. | G216o |
| Sistema de clasificación | DEWEY |
| Clasificación | 860.3 |
| Suprimido | Perdido | Sistema de clasificación | Dañado | No prestable | Tipo de ítem específico | Ubicación habitual | Ubicación actual | Localización | Fecha de creación | Forma de adquisición | Costo | Total préstamos | Signatura topográfica | Código de barras | Última vez visto | Fecha de último préstamo | Ejemplar | Price effective from | Tipo de ítem | Proveedor | Volúmen / Fascículo | Costo de reposición | Nota pública (OPAC) |
|---|---|---|---|---|---|---|---|---|---|---|---|---|---|---|---|---|---|---|---|---|---|---|---|
| DEWEY | Libro | Archivo Histórico | Archivo Histórico | Archivo histórico | 02/08/2013 | Donación | 0.00 | 860.3 G216o | 100138477 | 17/07/2015 | Ej.1 | 02/08/2013 | Libro | 12 | 1911 | 26000.00 | TRANSFERENCIA CRAI C5 | ||||||
| DEWEY | Libro | Claustro | Claustro | 2do piso | 28/02/2013 | Donación | 26000.00 | 1 | 860.3 G216o | 100118486 | 09/12/2025 | 08/02/2016 | Ej.1 | 03/02/2013 | Libro |